000 00732nam a22002297a 4500
999 _c15037
_d15037
003 AR-CdUCM
008 190425b ||||| |||| 00| 0 spa d
020 _a978-84-9825-724-3
040 _aMUNICIPALIDAD PROVINCIAL DEL CUSCO
_cBIBLIOTECA MUNICIPAL DEL CUSCO
082 _aPI / 376.1 /
_bG34
100 _aGeis, Patricia
_933517
245 _a¡En marcha! /
260 _aBarcelona :
_bCombel,
_c2012.
300 _bilustraciones,
_c21 cm.
500 _aMás de 30 juegos y cientos de kilómetros de diversión.
650 _aAprendizaje infantil
_933271
650 _aPrimera infancia
_924660
650 _aJuegos infantiles
_99905
710 _aCombel Editorial.
_933005
942 _2ddc
_cLIBROS
945 _aachl
_d2019-04-25